000 00502nam a22001577a 4500
005 20231107125011.0
008 231107b |||||||| |||| 00| 0 eng d
041 _aEnglish
082 _a346.43 JON
100 _aJones, RJM
_lEnglish
245 _aThe Law and Practice of Coveyancing in South Africa /
_cRJM Jones
260 _aCape Town :
_bJuta and Company Ltd.,
_c1963
300 _bxiv, 525 pages ;
_c26 cm.
650 _aLegal practice
_bLaw
942 _cBK
_6ALISON_BN_VRIES
999 _c375
_d375